000 01084nas a2200337 4500
001 BR8801743
003 BR-BrBNA
005 20231205091101.0
007 ta
008 230509b bl.|||p| |||| 00| 00por d
040 _aBR-BrBNA
_bpor
_cBiblioteca Nacional de Agricultura
041 _a(Pt)
072 _aF30; F04
100 1 _aGhisi, O.M.A.A.
100 1 _aAlcantara, P.B.
100 1 _aFigueiredo, L.A. de
100 1 _aPeres, R.M.
100 1 _aCunha, P.G. da
100 1 _aLeite, V.B. de O.
100 1 _aCamillotti, M.R.D.
245 1 _aAvaliacao agronomica de Galactia striata (Jacq.)Urb. sob dois niveis de adubacao, em Nova Odessa, Sao Paulo
246 1 _aEvaluation of Galactia striata (Jacq.)Urb, under two fertilization levels
650 _aGALACTIA
650 _aCOMPORTAMENTO DE VARIEDADE
650 _aADUBACAO
650 _aRENDIMENTO
650 _aSAO PAULO
773 0 _tBoletim de Industria Animal (Brazil)
_xISSN 0067-9615
_g(Jan-Jun 1985), v. 42(1) p. 1-10
_wBR8801743
909 _a202311
_bLúcia
_c55
_dLúcia Elande
942 _2AGRIS
_n0
_cANA
999 _c122653
_d122653